Ekonometrie

Guardado en:
Detalles Bibliográficos
Autor principal: Cipra, Tomáš
Autor Corporativo: Univerzita Karlova v Praze
Formato: Libro
Lenguaje:checo
Publicado: Praha Státní pedagogické nakladatelství 1984
Etiquetas: Agregar Etiqueta
Sin Etiquetas, Sea el primero en etiquetar este registro!

MARC

LEADER 00000nam a2200000 4500
001 c114026
005 20190506134145.0
041 0 |a cze 
044 |a CZ 
245 1 0 |a Ekonometrie  |c Tomáš Cipra 
264 1 |a Praha  |b Státní pedagogické nakladatelství  |c 1984 
300 |a 191 s. 
100 1 |a Cipra, Tomáš 
710 2 |a Univerzita Karlova v Praze